| 000 | 01162cam a2200325 a 4500 | ||
|---|---|---|---|
| 001 | 690954 | ||
| 003 | OSt | ||
| 005 | 20260317115208.0 | ||
| 008 | 960701s1996 ilu b 001 0 eng | ||
| 010 | _a 96028488 | ||
| 020 |
_a083081423X _qcloth : alk. paper |
||
| 035 | _a690954 | ||
| 040 |
_aDLC _cDLC _dDLC |
||
| 050 | 0 | 0 |
_aBS511.2 _b.H36 1996 |
| 082 | 0 | 0 |
_a220.6 _220 |
| 245 | 0 | 0 |
_aHard sayings of the Bible / _cWalter C. Kaiser, Jr. ... [et al.]. |
| 260 |
_aDowners Grove, Ill. : _bInterVarsity Press, _cc1996. |
||
| 300 |
_a808 p. ; _c24 cm. |
||
| 336 |
_atext _btxt _2rdacontent |
||
| 337 |
_aunmediated _bn _2rdamedia |
||
| 338 |
_avolume _bnc _2rdacarrier |
||
| 504 | _aIncludes bibliographical references and indexes. | ||
| 630 | 0 | 0 |
_aBible _xCriticism, interpretation, etc. |
| 630 | 0 | 0 |
_aBible _xEvidences, authority, etc. |
| 700 | 1 |
_aKaiser, Walter C., _cJr. _q(Walter Christian), _d1933- |
|
| 906 |
_a7 _bcbc _corignew _d1 _eocip _f19 _gy-gencatlg |
||
| 942 |
_2lcc _cBK |
||
| 999 |
_c21525 _d21524 |
||